| 000 | 01248nam a22002897a 4500 | ||
|---|---|---|---|
| 001 | 22194 | ||
| 005 | 20260407114520.0 | ||
| 008 | 260407b |||||||| |||| 00| 0 spa d | ||
| 020 | _a9781456260897 | ||
| 041 | _aESP | ||
| 082 |
_a621.38132 _bA39 2018 |
||
| 100 |
_aAlexander, Charles K. _eAUT |
||
| 245 | _aFundamentos de circuitos eléctricos | ||
| 250 | _aSexta edición | ||
| 260 |
_aCiudad de México : _bMcGraw-Hill/Interamericana Editores, _c2018 |
||
| 300 |
_axx, 786 páginas : _bgráficos ; _c27 cm. |
||
| 440 | _a ; | ||
| 650 | _aTCA | ||
| 653 | _aCircuitos eléctricos | ||
| 654 | _aCET | ||
| 700 |
_aSadiku, Matthew N. O. _eAUT |
||
| 856 |
_uhttps://0u213vgpn-y-https-ebooks7--24-com.itmsp.museknowledge.com/?il=20752&pg=s9ml/chapter01/portadilla.xhtml#data-uuid-fdf49e01b3c645a7a9baa3319a6708bb _zVersión digital (2022) |
||
| 856 |
_uhttps://0u213vgpw-y-https-ebooks7--24-com.itmsp.museknowledge.com/biblioteca.aspx _zVéase además: Base de datos Ebook7-24 |
||
| 856 |
_uhttps://0u206vgq0-y-https-ieeexplore-ieee-org.itmsp.museknowledge.com/Xplore/home.jsp _zVéase además: Base de datos IEEE Xplore |
||
| 856 |
_uhttps://dl.acm.org/ _zVéase además: Base de datos ACM Digital Library |
||
| 942 |
_cLIB _dMAT _fMAT _n0 _2ddc |
||
| 999 |
_c22194 _d22194 |
||